Wybory parlamentarne RP 2023 (Sejm) - nagła śmierć - Statystyki

Ogólne statystyki
  • Ten quiz został rozwiązany 20 razy
  • Średni wynik to 3 z 6
Answers on the Grid
Answers color-coded by a green-red scale on the quiz's grid according to % correct below.
dolnośląskie
kujawsko-pomorskie
lubelskie
lubuskie
łódzkie
małopolskie
mazowieckie
opolskie
podkarpackie
podlaskie
pomorskie
śląskie
świętokrzyskie
warmińsko-mazurskie
wielkopolskie
zachodniopomorskie
 
Statystyki odpowiedzi
Odpowiedź % Poprawnych
36,00 % dolnośląskie
79%
37,73 % lubuskie
64%
39,60 % zachodniopomorskie
57%
39,71 % pomorskie
50%
33,59 % opolskie
36%
33,61 % wielkopolskie
36%
Nie znaleziono quizów pasujących do podanych kryteriów
Rozkład punktacji
Procent ludzi z każdym wynikiem
Percentyl według liczby udzielonych odpowiedzi
Twoja historia wyników
Nie rozwiązałeś tego quizu